| 000 | 00522nam a2200169 i 4500 | ||
|---|---|---|---|
| 001 | 58021 | ||
| 003 | ES-MaACL | ||
| 007 | t| | ||
| 008 | 031020s1979 sp ||||1| spa d | ||
| 100 | 1 |
_aDundee, John W. _946035 |
|
| 245 | 1 | 0 |
_aAnestesia intravenosa / _cJohn W. Dundee, Gordon M. Wyant ; [traducción, Luis Serra Curiá]. |
| 260 |
_aBarcelona : _bSalvat, _c[1979] |
||
| 300 | _aXX, 362 p., 2 lám. | ||
| 700 | 1 |
_aWyant, Gordon M. _9117457 |
|
| 700 | 1 |
_aSerra Curiá, Luis. _9105628 |
|
| 852 |
_aES-MaACL _jL-384 _bR.101079 |
||
| 999 |
_c58021 _d58021 |
||